Catálogo
 En Linea

Cuerpos y almas / (Registro nro. 18156)

Detalles MARC
000 -CABECERA
campo de control de longitud fija 00633nam a2200205 a 4500
001 - NÚMERO DE CONTROL
campo de control 000018636
005 - FECHA Y HORA DE LA ÚLTIMA TRANSACCIÓN
campo de control 20200929165831.0
008 - DATOS DE LONGITUD FIJA--INFORMACIÓN GENERAL
campo de control de longitud fija 100512s1970 mx r 000 f spa d
040 ## - FUENTE DE LA CATALOGACIÓN
Centro catalogador/agencia de origen DO-SdBNP
Lengua de catalogación spa
Centro/agencia transcriptor BNPHU
082 ## - NÚMERO DE LA CLASIFICACIÓN DECIMAL DEWEY
Número de clasificación 843.912
Número de documento/Ítem M495c
049 ## - FONDOS LOCALES (OCLC)
Fondos de biblioteca BNGR
100 1# - ENTRADA PRINCIPAL--NOMBRE DE PERSONA
Nombre de persona Meersch, Maxence van der,
Fechas asociadas al nombre 1907-1951
9 (RLIN) 13818
245 10 - MENCIÓN DE TÍTULO
Título Cuerpos y almas /
Mención de responsabilidad, etc. Maxence van der Meersch ; traducción Cristóbal Rivero.
250 ## - MENCIÓN DE EDICIÓN
Mención de edición 1a ed. 9a imp.
260 ## - PUBLICACIÓN, DISTRIBUCIÓN, ETC.
Lugar de publicación, distribución, etc. México :
Nombre del editor, distribuidor, etc. DIANA,
Fecha de publicación, distribución, etc. 1970.
300 ## - DESCRIPCIÓN FÍSICA
Extensión 478 p. ;
Dimensiones 20 cm.
650 #4 - PUNTO DE ACCESO ADICIONAL DE MATERIA--TÉRMINO DE MATERIA
Término de materia o nombre geográfico como elemento de entrada Novela francesa
9 (RLIN) 1075
650 #4 - PUNTO DE ACCESO ADICIONAL DE MATERIA--TÉRMINO DE MATERIA
Término de materia o nombre geográfico como elemento de entrada Literatura francesa
9 (RLIN) 1074
700 1# - PUNTO DE ACCESO ADICIONAL--NOMBRE DE PERSONA
Nombre de persona Rivero, Cristóbal,
Término indicativo de función/relación tr.
9 (RLIN) 40271
Existencias
Estado de retiro Estado de pérdida Restricciones de uso No para préstamo Código de colección Localización permanente Ubicación/localización actual Ubicación en estantería Fecha de adquisición Número de inventario Total de préstamos Signatura topográfica completa Código de barras Fecha visto por última vez Precio válido a partir de Tipo de ítem Koha
        Monografías: Libros y Folletos General General En catalogación 12.05.2010 LF1   843.912 M495c 18636-10 25.06.2020 25.06.2020 Préstamo en sala

Con tecnología Koha